EZOP : (Edukatívno-zážitkový odborný program)

Bibliographic Details
Main Author: Hudečková, Viera (Author)
Format: Article
Language:Slovak

MARC

LEADER 00000nab a2200000uu 4500
001 vtls010901923
003 SK-MaSNL
005 20260303142428.0
008 230222|2007 xo |||||||||||||||||slo|
015 |a SNBRB 
035 |a (urnnbn)urn:nbn:sk:snk:ar-a07nle 
035 |a (uuid)b7806b76-03ce-4476-9ed4-dd140eee7b2f 
035 |a urn:nbn:sk:snk-ab8tay 
040 |a SNKBUCL  |b slo  |c SNKBUCL  |e AACR2 
041 0 |a slo 
044 |a xo  |c SK 
100 1 |a Hudečková, Viera  |4 aut  |9 484458 
245 1 0 |a EZOP :  |b (Edukatívno-zážitkový odborný program)  |c Viera Hudečková 
773 0 |t Prevencia : informačný bulletin zameraný na prevenciu sociálno-patologických javov v rezorte školstva  |g Roč. 6, č. 4 (2007), s. 74-75 
954 |a odborná, vedecká literatúra pôvodná (slovenská)  |2 lita 
958 |a OND 
958 |a EUIPO 
958 |a article10 
999 |c 1982802  |d 1984732